Elements 1-40 Symbol to Element - Statistics

General Stats
  • This quiz has been taken 34 times
  • The average score is 34 of 40
Answer Stats
Symbol # Element % Correct
C 6 Carbon
100%
He 2 Helium
100%
H 1 Hydrogen
100%
Li 3 Lithium
100%
N 7 Nitrogen
100%
O 8 Oxygen
100%
Al 13 Aluminium
92%
Ar 18 Argon
92%
Be 4 Beryllium
92%
Ca 20 Calcium
92%
Cl 17 Chlorine
92%
F 9 Fluorine
92%
Mg 12 Magnesium
92%
Ne 10 Neon
92%
P 15 Phosphorus
92%
K 19 Potassium
92%
Sc 21 Scandium
92%
Si 14 Silicon
92%
Na 11 Sodium
92%
S 16 Sulfur
92%
Ti 22 Titanium
92%
B 5 Boron
83%
Br 35 Bromine
83%
Cr 24 Chromium
83%
Co 27 Cobalt
83%
Cu 29 Copper
83%
Fe 26 Iron
83%
Zn 30 Zinc
83%
As 33 Arsenic
75%
Kr 36 Krypton
75%
Mn 25 Manganese
75%
Ni 28 Nickel
75%
Rb 37 Rubidium
75%
Se 34 Selenium
75%
V 23 Vanadium
75%
Y 39 Yttrium
75%
Ga 31 Gallium
67%
Ge 32 Germanium
67%
Sr 38 Strontium
67%
Zr 40 Zirconium
67%
No matching quizzes found
Score Distribution
Percent of People with Each Score
Percentile by Number Answered
Your Score History
You have not taken this quiz